Top 10 Longest Rivers in the World - Statistics

General Stats
  • This quiz has been taken 18 times
  • The average score is 8 of 10
Answer Stats
Answer % Correct
Amazon
100%
Nile
100%
Yellow
100%
Yangtze
94%
Congo
88%
Mississippi
88%
Ob
69%
Parana
50%
Amur
44%
Yenisei
38%
No matching quizzes found
Score Distribution
Percent of People with Each Score
Percentile by Number Answered
Your Score History
You have not taken this quiz